Southville International School and Colleges
Your cart is empty.
  • Cart
  • Lists
    Public lists Eva Luna New books Lux_list list_1
    Your lists Log in to create your own lists
  • Log in to your account
  • Your cookies
  • Search history
Southville International School and Colleges
  • Advanced search
  • Recent comments
  • Most popular
  • Libraries

Log in to your account

Log in with GOOGLE


If you do not have an external account, but do have a local account, you can still log in:

  1. Home
  2. MARC view: Ceremony :
Normal view MARC view ISBD view

Ceremony : (Record no. 11524)

[ view plain ]
MARC details
000 -LEADER
fixed length control field 00922cam a2200277 a 4500
001 - CONTROL NUMBER
control field 3260957
003 - CONTROL NUMBER IDENTIFIER
control field PILC
005 - DATE AND TIME OF LATEST TRANSACTION
control field 20160129115349.0
008 - FIXED-LENGTH DATA ELEMENTS--GENERAL INFORMATION
fixed length control field 811008s1982 nyu 000 1 eng
010 ## - LIBRARY OF CONGRESS CONTROL NUMBER
LC control number 81015106
020 ## - INTERNATIONAL STANDARD BOOK NUMBER
International Standard Book Number 071009003507
040 ## - CATALOGING SOURCE
Original cataloging agency DLC
Transcribing agency DLC
Modifying agency DLC
-- OCoLC
-- DLC
050 00 - LIBRARY OF CONGRESS CALL NUMBER
Classification number PS 3566.A686
Item number .P238 1983
082 00 - DEWEY DECIMAL CLASSIFICATION NUMBER
Classification number FIC
Item number P22c 1982
100 1# - MAIN ENTRY--PERSONAL NAME
Personal name Parker, Robert B.,
Dates associated with a name 1932-2010.
9 (RLIN) 20488
245 10 - TITLE STATEMENT
Title Ceremony :
Remainder of title a spenser novel
Statement of responsibility, etc Robert B. Parker
260 ## - PUBLICATION, DISTRIBUTION, ETC. (IMPRINT)
Place of publication, distribution, etc New York, N.Y. :
Name of publisher, distributor, etc Delacorte Press /S. Lawrence,
Date of publication, distribution, etc c1983.
300 ## - PHYSICAL DESCRIPTION
Extent 182 p. :
Dimensions 18 cm.
650 #0 - SUBJECT ADDED ENTRY--TOPICAL TERM
Topical term or geographic name as entry element Spenser (Fictitious character)
General subdivision Fiction.
9 (RLIN) 20489
650 #0 - SUBJECT ADDED ENTRY--TOPICAL TERM
Topical term or geographic name as entry element Private investigators
Geographic subdivision Massachusetts
-- Boston
General subdivision Fiction.
9 (RLIN) 20490
651 #0 - SUBJECT ADDED ENTRY--GEOGRAPHIC NAME
Geographic name Boston (Mass.)
General subdivision Fiction.
9 (RLIN) 20491
655 #7 - INDEX TERM--GENRE/FORM
Genre/form data or focus term Detective and mystery stories.
Source of term gsafd
9 (RLIN) 3472
906 ## - LOCAL DATA ELEMENT F, LDF (RLIN)
a 7
b cbc
c orignew
d 1
e ocip
f 19
g y-gencatlg
942 ## - ADDED ENTRY ELEMENTS (KOHA)
Source of classification or shelving scheme Library of Congress Classification
Koha item type Books
Holdings
Withdrawn status Lost status Source of classification or shelving scheme Damaged status Home library Current library Shelving location Date acquired Total Checkouts Full call number Barcode Date last seen Copy number Price effective from Koha item type
    Library of Congress Classification   Luxembourg Library Luxembourg Library Fiction Section 09/17/2013   PS 3566.A686 .P238 1983 6843 09/17/2013 1 09/17/2013 Books

Ceremony :

APA

Parker R. B., . (1983). Ceremony. New York, N.Y: Delacorte Press /S. Lawrence.

Chicago

Parker Robert B, . 1983. Ceremony. New York, N.Y: Delacorte Press /S. Lawrence.

Harvard

Parker R. B., . (1983). Ceremony. New York, N.Y: Delacorte Press /S. Lawrence.

MLA

Parker Robert B, . Ceremony. New York, N.Y: Delacorte Press /S. Lawrence. 1983.

  • Place hold
  • Print
  • Cite
  • Add to your cart (remove)
  • Save record
    BIBTEX Dublin Core MARCXML MARC (non-Unicode/MARC-8) MARC (Unicode/UTF-8) MARC (Unicode/UTF-8, Standard) MODS (XML) RIS
  • More searches
    Search for this title in:
    Other Libraries (WorldCat) Other Databases (Google Scholar) Online Stores (Bookfinder.com) Open Library (openlibrary.org)

Exporting to Dublin Core...

SOUTHVILLE LIBRARY

Southville International School and Colleges Library

1281 Tropical Ave. Cor. Luxembourg St., BF Homes International, Las Pinas City

Tel. No. 8256374 / 252358 Loc. 117/146

Powered by Koha